[Event "2' Infrasettimanale"]
[Site "?"]
[Date "2024.01.16"]
[Round "4"]
[White "Armellini, Cristiano"]
[Black "Pelagalli, Marco"]
[Result "0-1"]
[WhiteElo "1243"]
[BlackElo "1736"]
[PlyCount "59"]
[EventDate "2024.??.??"]
[SourceDate "2024.01.31"]

1. d4 d5 2. Nf3 Bf5 3. Bf4 Nf6 4. Nc3 c6 5. a3 e6 6. e3 Bd6 7. Bxd6 Qxd6 8. h3
Nbd7 9. Bd3 Bg6 10. O-O Ne4 11. Bxe4 dxe4 12. Nd2 f5 13. Nc4 Qc7 14. Qe1 O-O
15. Ne2 Bf7 16. Qc3 b5 17. Nd2 Nf6 18. Nb3 Bh5 19. Nf4 Nd5 20. Nxe6 Qd6 21. Qc5
Qxe6 22. Na5 Rac8 23. c4 bxc4 24. Nxc4 f4 25. exf4 Nxf4 26. Ne3 Be2 27. Rfe1
Nd3 28. Qc2 Nxe1 29. Qxe2 Nd3 30. b4 0-1